| 000 | 01281nam a2200373 c 4500 | ||
|---|---|---|---|
| 999 |
_c89192 _d89192 |
||
| 003 | BLK | ||
| 005 | 20231220005225.0 | ||
| 008 | 180408b bul|||||r ||||||| ||bul|| | ||
| 010 | _aKNG00093887000 | ||
| 040 | _aBLK | ||
| 041 |
_aBUL _cBUL |
||
| 072 | 7 |
_2bullib _aК _xКраезнание |
|
| 080 |
_aБългарска литература _b821.163.2 _x-34 _z821.163.2-34 |
||
| 100 | 1 |
_aПеев, Румен _eпърви автор _9373375 |
|
| 139 |
_aРумин, Румен _bР 92 |
||
| 245 | 1 | 0 |
_aЛовецът с ледено сърце _bПриказки _c* Румен Румин; Румен Пеев; ил. Огнян Балканджиев. |
| 257 | _aBGR | ||
| 260 |
_bАвангард принт _c2009 |
||
| 300 |
_a72 с. _bс ил. _c20 см |
||
| 380 | _aX | ||
| 500 | _aИстинското име на авт. е Румен Пеев. | ||
| 659 | _aК | ||
| 700 | 1 |
_aРумин, Румен _e* _9373374 |
|
| 700 |
_aБалканджиев, Огнян Георгиев _9364857 |
||
| 852 | _aЦб 246821 | ||
| 852 | _aК 821.163.2/Р 92 Р | ||
| 856 | 4 | _qpdf | |
| 856 | 4 | _qpdf | |
| 942 |
_cKNG _n0 _s1 |
||
| 944 |
_aCR _c27.01.2010 _lCRON CRON _k |
||
| 944 |
_aED _c28.01.2010 _lф / |
||
| 999 | _d89192 | ||
| 999 | _d89192 | ||